Statistiken für Top 15 Länder mit Covid-19-Todesfällen - 14. Juli 2021

Klicken Sie hier um das Quiz zu spielen!

Allgemein

  • Dieses Quiz wurde 20 mal gespielt
  • Das Durchschnittsergebnis liegt bei 15 aus 24

Antwortstatistiken

Land% Korrekt
Vereinigte Staaten
100%
Deutschland
95%
Frankreich
95%
Spanien
95%
Indien
90%
Brasilien
85%
Italien
85%
Vereinigtes Königreich
85%
Argentinien
75%
Iran
70%
Mexiko
70%
Polen
70%
Russland
70%
Belgien
65%
Kolumbien
55%
Peru
55%
Tschechien
55%
Kroatien
40%
Slowakei
35%
Slowenien
35%
Ungarn
35%
Bosnien und
Herzegowina
20%
Bulgarien
20%
Nordmazedonien
20%

Verteilung der Resultate

Perzentil nach korrekt beantworteten Fragen

Anzahl Personen mit jedem Resultat

Ihre Resultats-Entwicklung

Sie haben dieses Quiz noch nicht gespielt